| 000 | 00644nam a2200193 4500 | ||
|---|---|---|---|
| 001 | 114030 | ||
| 003 | ES-MaACL | ||
| 005 | 20230906190048.0 | ||
| 007 | t| | ||
| 008 | 061121s1970 sp r ||||1| spa d | ||
| 100 | 1 |
_aPalmier, Jean-Michael. _988652 |
|
| 245 | 1 | 0 |
_aEnsayo sobre el nacimiento del freudo-marxismo / _cJean-Michel Palmier, Wilhelm Reich ; traducción: Ramón García y Nuria Pérez Lara. |
| 260 |
_aBarcelona : _bAnagrama, _c1970. |
||
| 300 |
_a154 p. ; _c20 cm. |
||
| 700 | 1 |
_aGarcía, Ramón. _954089 |
|
| 700 | 1 |
_aPérez de Lara, Nuria. _990788 |
|
| 700 | 1 |
_aReich, Wilhelm. _995949 |
|
| 852 |
_aES-MaACL _jC-47072 _bR.75999 |
||
| 999 |
_c114030 _d114030 |
||